Business acquisition in the People's republic of China: developments and conditions

Akvizície v Čínskej ľudovej republike - kúpa aktív (asset deal) alebo kúpa obchodných podielov (share deal). Vývoj fúzií a akvizícií v Číne v období 1985-2016. Korelácia medzi rastúcimi výrobnými nákladmi a aktivitou v oblasti fúzií a akvizícií.

Saved in:
Bibliographic Details
Main Author: Ludwig, Sven
Other Authors: Markovič, Peter, 1974-
Format: Book Chapter
Language:English
Subjects:
Tags: Add Tag
No Tags, Be the first to tag this record!

MARC

LEADER 00000nla a2200000 4500
001 0235586
005 20240502083627.4
041 0 |a eng 
044 |a CZ 
245 1 0 |a Business acquisition in the People's republic of China: developments and conditions  |c Sven Ludwig, Peter Markovič 
520 |a Akvizície v Čínskej ľudovej republike - kúpa aktív (asset deal) alebo kúpa obchodných podielov (share deal). Vývoj fúzií a akvizícií v Číne v období 1985-2016. Korelácia medzi rastúcimi výrobnými nákladmi a aktivitou v oblasti fúzií a akvizícií. 
610 2 0 |a podnik 
610 2 0 |a fúzie 
610 2 0 |a akvizícia 
610 2 0 |a financie podnikové 
610 2 0 |a rozhodovanie investičné 
610 2 0 |a prostredie podnikateľské 
610 2 0 |a aktíva 
610 2 0 |a podiely obchodné 
610 2 0 |a investície 
610 2 0 |a riziko 
610 2 0 |a Čína 
100 1 |a Ludwig, Sven 
700 1 |a Markovič, Peter, 1974-